使徒行述 Shi tu xing shu = The Acts of the Apostles in the proclamation of the Gospel of Jesus Christ {ch} / (Record no. 29071)
[ view plain ]
| 000 -LEADER | |
|---|---|
| fixed length control field | 01120nam a22002297a 4500 |
| 008 - FIXED-LENGTH DATA ELEMENTS--GENERAL INFORMATION | |
| fixed length control field | 121211b ch ||||| |||| 00| 0 chi d |
| 020 ## - INTERNATIONAL STANDARD BOOK NUMBER | |
| International Standard Book Number | 9787543041943 |
| 020 ## - INTERNATIONAL STANDARD BOOK NUMBER | |
| International Standard Book Number | 7543041944 |
| 100 ## - MAIN ENTRY--PERSONAL NAME | |
| Personal name | 张存远 White, Ellen Gould Harmon, |
| Dates associated with a name | 1827-1915 |
| 245 ## - TITLE STATEMENT | |
| Title | 使徒行述 Shi tu xing shu = The Acts of the Apostles in the proclamation of the Gospel of Jesus Christ {ch} / |
| Statement of responsibility, etc | 张存远, 肖飞编著. 肖飞. 张存远; Ellen Gould Harmon White; Fei Xiao; Cunyuan Zhang |
| 260 ## - PUBLICATION, DISTRIBUTION, ETC. (IMPRINT) | |
| Place of publication, distribution, etc | Wuhan, China : |
| Name of publisher, distributor, etc | Wuhan Publishing House, |
| Date of publication, distribution, etc | 2010. |
| 300 ## - PHYSICAL DESCRIPTION | |
| Extent | 289 p. ; |
| Dimensions | 24 cm. |
| 490 ## - SERIES STATEMENT | |
| Series statement | Shengjing gushi |
| 500 ## - GENERAL NOTE | |
| General note | Translation of : The Acts of the Apostles in the proclamation of the Gospel of Jesus Christ, by Ellen G. White ; Mountain View, Calif., Portland, Ore. [etc.] Pacific Press Pub. Association [c1911]. |
| 630 ## - SUBJECT ADDED ENTRY--UNIFORM TITLE | |
| Uniform title | Bible. |
| Name of part/section of a work | N.T. |
| General subdivision | History of Biblical events {ch}. |
| 630 ## - SUBJECT ADDED ENTRY--UNIFORM TITLE | |
| Uniform title | Bible. |
| Name of part/section of a work | N.T. |
| General subdivision | History {ch}. |
| 630 ## - SUBJECT ADDED ENTRY--UNIFORM TITLE | |
| Uniform title | Bible. |
| Name of part/section of a work | N.T. |
| General subdivision | Criticism, interpretation, etc.{ch}. |
| 650 ## - SUBJECT ADDED ENTRY--TOPICAL TERM | |
| Topical term or geographic name as entry element | Apostles {ch} |
| 700 ## - ADDED ENTRY--PERSONAL NAME | |
| Personal name | 肖飞编著 Fei Xiao |
| 700 ## - ADDED ENTRY--PERSONAL NAME | |
| Personal name | 肖飞. 张存远 Cunyuan Zhang |
| 942 ## - ADDED ENTRY ELEMENTS (KOHA) | |
| Source of classification or shelving scheme | Library of Congress Classification |
| Item type | Books |
| Koha issues (borrowed), all copies | 1 |
| Withdrawn status | Lost status | Source of classification or shelving scheme | Damaged status | Not for loan | Home library | Current library | Shelving location | Date acquired | Accession number | Total Checkouts | Full call number | Barcode | Date last seen | Date last borrowed | Price effective from | Koha item type |
|---|---|---|---|---|---|---|---|---|---|---|---|---|---|---|---|---|
| Library of Congress Classification | BSOP Library | BSOP Library | Chinese Books (General Circulation) | 12/11/2012 | C-11321 | 1 | BS558.C5 W58a 2010 | 00041727 | 05/26/2016 | 04/26/2016 | 02/23/2013 | Books |
